| 000 | 02389cad a22003375a 4500 | ||
|---|---|---|---|
| 001 | L144243 | ||
| 008 | 080707e20080627xxkd f s f000 0 eng d | ||
| 020 | _a9781409802105 | ||
| 035 | _a(Sirsi) u144243 | ||
| 041 | 0 | _aeng | |
| 050 | 0 | 4 | _a711.1 $2 18 |
| 100 | 1 | _aKillian, Joanna | |
| 245 | 0 | 4 |
_aThe Killian Pretty review _bplanning applications - a faster and more responsive system - call for solutions _h[electronic resource] |
| 260 | _c2008 | ||
| 505 | 2 | _aHow to respond to our call for solutions -- Executive summary -- Setting the scene: the context in which the review takes place and overview of the issues -- Proportionality: matching resources/skills to planning application demand -- Unnecessary complexity in the policy and planning application system -- The drivers/shapers of culture within local planning authorities -- Ensuring effective and efficient engagement with all affected by and interested in the application -- The implications of these systemic issues for the planning application process | |
| 520 | _aCall for responses from the authors of the forthcoming Killian Pretty review. The review will carry out a detailed review of the process for seeking planning permission. It will look at case studies for a range of different sectors including, housing, business and the renewables industry. Aims to identify reasons for delay in deciding planning applications, and make recommendations for dealing with these and reducing unnecessary burdens for all parties involved in the process. The review has been jointly commissioned by Communities and Local Government and Business, Enterprise and Regulatory Reform Departments. | ||
| 521 | _aAdvanced | ||
| 590 | _aKA | ||
| 650 | 2 | 4 | _aBARKER REVIEW OF LAND USE PLANNING |
| 650 | 2 | 4 | _aPLANNING AND COMPULSORY PURCHASE ACT 2004 |
| 650 | 2 | 4 | _aTOWN AND COUNTRY PLANNING ACT 1990 |
| 650 | 2 | 4 | _aLOCAL DEVELOPMENT FRAMEWORKS |
| 650 | 2 | 4 | _aPLANNING POLICY STATEMENT 1 (DELIVERING SUSTAINABLE DEVELOPMENT) |
| 650 | 2 | 4 | _aPLANNING POLICY STATEMENT 12 |
| 650 | 2 | 4 | _aNOLAN REPORT |
| 651 | 4 |
_aEngland and Wales _y1543- |
|
| 690 | _aENVIRONMENTAL AND LAND CONSULTANCY-PLANNING AND DEVELOPMENT-DEVELOPMENT CONTROL | ||
| 700 | 1 | _aPretty, David | |
| 856 | 4 | 8 |
_uhttps://www.planningportal.gov.uk/uploads/kpr/kpr_exec-summary.pdf _zView the item free of charge at www.planningportal.gov.uk/england... |
| 942 | _n0 | ||
| 999 |
_c108422 _d108422 |
||